| 000 | 01167cam a22002054a 4500 | ||
|---|---|---|---|
| 005 | 20250605164223.0 | ||
| 008 | 250528s ||||||||||||||||||||||||d | ||
| 035 | _a20766 | ||
| 020 | _a960210015Χ | ||
| 040 |
_aGR-AtMCL _bgre _dGR-AtMCL _eAACR2 |
||
| 245 | 1 | _aΕΙΣΑΓΩΓΗ ΣΤΗΝ ΚΟΙΝΩΝΙΟΛΟΓΙΑ | |
| 260 |
_bΟδυσσέας, _c1993 |
||
| 300 | _a191 | ||
| 505 | 0 | _aΚΟΙΝΩΝΙΟΛΟΓΙΑ: ΘΕΜΑΤΑ ΚΑΙ ΠΡΟΒΛΗΜΑΤΑ ΑΝΤΙΚΡΟΥΟΜΕΝΕΣ ΕΡΜΗΝΕΙΕΣ: ΒΙΟΜΗΧΑΝΙΚΗ ΚΟΙΝΩΝΙΑ Ή ΚΑΠΙΤΑΛΙΣΜΟΣ; ΤΑΞΙΚΗ ΔΟΜΗ ΚΑΙ ΚΟΙΝΩΝΙΚΟΣ ΜΕΤΑΣΧΗΜΑΤΙΣΜΟΣ ΤΟ ΣΥΓΧΡΟΝΟ ΚΡΑΤΟΣ ΑΣΤΙΚΟ ΠΕΡΙΒΑΛΛΟΝ | |
| 520 | _aΚΟΙΝΩΝΙΟΛΟΓΙΑ: ΘΕΜΑΤΑ ΚΑΙ ΠΡΟΒΛΗΜΑΤΑ ΑΝΤΙΚΡΟΥΟΜΕΝΕΣ ΕΡΜΗΝΕΙΕΣ: ΒΙΟΜΗΧΑΝΙΚΗ ΚΟΙΝΩΝΙΑ Ή ΚΑΠΙΤΑΛΙΣΜΟΣ; ΤΑΞΙΚΗ ΔΟΜΗ ΚΑΙ ΚΟΙΝΩΝΙΚΟΣ ΜΕΤΑΣΧΗΜΑΤΙΣΜΟΣ ΤΟ ΣΥΓΧΡΟΝΟ ΚΡΑΤΟΣ ΑΣΤΙΚΟ ΠΕΡΙΒΑΛΛΟΝ | ||
| 700 | 1 |
_aGiddens Anthony _9516 |
|
| 942 | _cBK | ||
| 999 |
_c5849 _d5849 |
||